书目信息 |
| 题名: |
电工电子基础实验教程
|
|
| 作者: | 朱新芬 , 黄文彪 编著 | |
| 分册: | ||
| 出版信息: | 北京 清华大学出版社 2016.11 |
|
| 页数: | 12,268页 | |
| 开本: | 26cm | |
| 丛书名: | ||
| 单 册: | ||
| 中图分类: | TM-33 , TN01-33 | |
| 科图分类: | ||
| 主题词: | 电工技术--实验--高等学校--教材 , 电子技术--实验--高等学校--教材 | |
| 电子资源: | ||
| ISBN: | 978-7-302-45127-3 | |
| 000 | 01103nam0 2200289 450 | |
| 001 | 0120162065631 | |
| 005 | 20170418144027.54 | |
| 010 | @a978-7-302-45127-3@dCNY44.50 | |
| 100 | @a20161213d2016 em y0chiy50 ea | |
| 101 | 0 | @achi |
| 102 | @aCN@b110000 | |
| 105 | @aak z 000yy | |
| 106 | @ar | |
| 200 | 1 | @a电工电子基础实验教程@9dian gong dian zi ji chu shi yan jiao cheng@f朱新芬,黄文彪编著 |
| 210 | @a北京@c清华大学出版社@d2016.11 | |
| 215 | @a12,268页@c图@d26cm | |
| 300 | @a高等学校电子信息类创新与应用型规划教材 | |
| 330 | @a本书将电工、电子技术的各实验结合起来,硬件与仿真软件相结合,系统地介绍了电工电子技术的一般实验方法、技能。主要内容包括电工电子实验基础知识、电路原理实验项目、模拟电子技术实验项目、数字电子技术实验项目、高频电子线路实验项目等。 | |
| 333 | @a机械类相关技术人员 | |
| 606 | 0 | @a电工技术@x实验@x高等学校@j教材 |
| 606 | 0 | @a电子技术@x实验@x高等学校@j教材 |
| 690 | @aTM-33@v5 | |
| 690 | @aTN01-33@v5 | |
| 701 | 0 | @a朱新芬@9zhu xin fen@4编著 |
| 701 | 0 | @a黄文彪@9huang wen biao@4编著 |
| 801 | 0 | @aCN@b人天书店@c20161213 |
| 905 | @b985354-57@dTM-33@e100@f4 | |
| 电工电子基础实验教程/朱新芬,黄文彪编著.-北京:清华大学出版社,2016.11 |
| 12,268页:图;26cm |
| 高等学校电子信息类创新与应用型规划教材.-使用对象:机械类相关技术人员 |
| ISBN 978-7-302-45127-3:CNY44.50 |
| 本书将电工、电子技术的各实验结合起来,硬件与仿真软件相结合,系统地介绍了电工电子技术的一般实验方法、技能。主要内容包括电工电子实验基础知识、电路原理实验项目、模拟电子技术实验项目、数字电子技术实验项目、高频电子线路实验项目等。 |
| ● |
| 相关链接 |
|
|
|
|
正题名:电工电子基础实验教程
索取号:TM-33/100
 
预约/预借
| 序号 | 登录号 | 条形码 | 馆藏地/架位号 | 状态 | 备注 |
| 1 | 985354 | 209853540 | 第二样本阅览室/ [索取号:TM-33/100] | 在馆 | |
| 2 | 985355 | 209853559 | 第三借阅区/ [索取号:TM-33/100] | 在馆 | |
| 3 | 985356 | 209853568 | 第三借阅区/ [索取号:TM-33/100] | 在馆 | |
| 4 | 985357 | 209853577 | 密集书库-物理学院/ [索取号:TM-33/100] | 在馆 |